[Event "Mem Vinas 15th A"]
[Site "Mataro"]
[Date "2019.05.04"]
[Round "1.7"]
[White "Barrionuevo Nistal, Hugo"]
[Black "Castillo Martinez, Eloi"]
[Result "0-1"]
[WhiteElo "1732"]
[BlackElo "2089"]
[PlyCount "43"]
[EventDate "2019.05.04"]
[EventType "swiss"]
[EventRounds "8"]
[EventCountry "ESP"]
[SourceTitle "EXT 2024"]
[Source "ChessBase"]
[SourceDate "2023.10.10"]
[SourceVersion "1"]
[SourceVersionDate "2023.10.10"]
[SourceQuality "1"]

1. e4 e5 2. Nf3 Nc6 3. Nc3 Nf6 4. Bb5 Nd4 5. Bc4 Bc5 6. d3 d6 7. Nxd4 Bxd4 8. h3 Be6 9. Bxe6 fxe6 10. Bg5 0-0 11. Qd2 c6 12. Ne2 Bxf2+ 13. Kxf2 Nxe4+ 14. Ke1 Nxg5 15. h4 Nf7 16. g4 Qb6 17. Nc3 Nh6 18. Kd1 Nxg4 19. Kc1 Rf2 20. Qe1 Qe3+ 21. Qxe3 Nxe3 22. Re1 0-1

[Event "Roncana op-A 12th"]
[Site "Santa Eulalia de Roncana"]
[Date "2018.11.10"]
[Round "6"]
[White "Lopez Agustench, Eduard"]
[Black "Castillo Martinez, Eloi"]
[Result "1-0"]
[WhiteElo "2236"]
[BlackElo "2041"]
[PlyCount "115"]
[EventDate "2018.09.29"]
[EventType "swiss"]
[EventRounds "8"]
[EventCountry "ESP"]
[SourceTitle "CBM 187 Extra"]
[Source "ChessBase"]
[SourceDate "2018.11.04"]
[SourceVersion "1"]
[SourceVersionDate "2018.11.04"]
[SourceQuality "1"]

1. d4 Nf6 2. Nf3 e6 3. c4 b6 4. g3 Bb7 5. Bg2 Be7 6. 0-0 0-0 7. Nc3 Ne4 8. Nxe4 Bxe4 9. Ne1 Bxg2 10. Nxg2 d6 11. e4 Bf6 12. Re1 Nd7 13. Rb1 c5 14. Be3 Qc7 15. Rc1 g6 16. Rc2 Bg7 17. h4 Nf6 18. Qf3 h5 19. Rd1 Ng4 20. d5 e5 21. Qe2 Bh6 22. Bxh6 Nxh6 23. Ne1 Qd7 24. Kg2 Rac8 25. Qd2 Kg7 26. Nf3 a5 27. Ng5 Ng4 28. Qc3 Kg8 29. Qb3 Rb8 30. Rd3 Nf6 31. Rf3 Nh7 32. Qe3 Qe7 33. Rc3 Rb7 34. Rb3 Kg7 35. Qd2 Kg8 36. Rb5 Kg7 37. Qc1 Kg8 38. a3 Kg7 39. b4 axb4 40. axb4 Nxg5 41. hxg5 Ra8 42. bxc5 bxc5 43. Rxb7 Qxb7 44. Rf6 Qd7 45. Qb1 h4 46. Qh1 Rh8 47. Qh3 Qxh3+ 48. Kxh3 hxg3+ 49. Kxg3 Rd8 50. f4 exf4+ 51. Kxf4 Kf8 52. e5 Ke7 53. Ke4 dxe5 54. Kxe5 Rh8 55. d6+ Ke8 56. Kd5 Rh5 57. Kc6 Rxg5 58. Kc7 1-0

[Event "Mataro Vinas Memorial 14th"]
[Site "Mataro"]
[Date "2018.05.19"]
[Round "6"]
[White "Castillo Martinez, Eloi"]
[Black "Gomez Jurado, Luis Alberto"]
[Result "1/2-1/2"]
[WhiteElo "2048"]
[BlackElo "2242"]
[PlyCount "43"]
[EventDate "2018.04.07"]
[EventType "swiss"]
[EventRounds "9"]
[EventCountry "ESP"]
[SourceTitle "EXT 2019"]
[Source "ChessBase"]
[SourceDate "2018.10.10"]
[SourceVersion "1"]
[SourceVersionDate "2018.10.10"]
[SourceQuality "1"]

1. e4 c5 2. Nc3 Nc6 3. f4 g6 4. Nf3 Bg7 5. Bb5 e6 6. Bxc6 dxc6 7. e5 f5 8. exf6 Nxf6 9. 0-0 0-0 10. g3 Nh5 11. Qe2 e5 12. Nxe5 Qd4+ 13. Rf2 Bxe5 14. Qxe5 Qxe5 15. fxe5 Rxf2 16. Kxf2 Bg4 17. b3 Rf8+ 18. Kg1 Re8 19. d3 Rxe5 20. Ne4 Bf5 21. Bb2 Re8 22. Re1 1/2-1/2

[Event "Mataro Vinas Memorial 14th"]
[Site "Mataro"]
[Date "2018.05.05"]
[Round "4"]
[White "Soler Casado, Manuel"]
[Black "Castillo Martinez, Eloi"]
[Result "1/2-1/2"]
[WhiteElo "1833"]
[BlackElo "2048"]
[PlyCount "131"]
[EventDate "2018.04.07"]
[EventType "swiss"]
[EventRounds "9"]
[EventCountry "ESP"]
[SourceTitle "EXT 2019"]
[Source "ChessBase"]
[SourceDate "2018.10.10"]
[SourceVersion "1"]
[SourceVersionDate "2018.10.10"]
[SourceQuality "1"]

1. d4 Nf6 2. c4 e6 3. Nc3 Bb4 4. Bd2 0-0 5. Nf3 c5 6. a3 Bxc3 7. Bxc3 Ne4 8. Qc2 Nxc3 9. Qxc3 Qf6 10. e3 b6 11. Be2 Bb7 12. 0-0 d6 13. b4 Nd7 14. Rfd1 Rac8 15. Rab1 Be4 16. Rb3 Rfd8 17. Nd2 Bc6 18. b5 Bb7 19. Bf3 cxd4 20. exd4 Bxf3 21. Nxf3 d5 22. Rb4 Nc5 23. Qe3 Nb7 24. Ne5 dxc4 25. Nc6 Rd5 26. Rxc4 Nd6 27. Rc2 Re8 28. Qc1 Nxb5 29. Rc4 Nd6 30. Rc2 Nf5 31. Qf4 a5 32. Qc7 h5 33. Qxb6 Nh4 34. Rc3 Rg5 35. Rg3 Nf5 36. Rxg5 Qxg5 37. Qxa5 Qg4 38. f3 Qf4 39. Qe5 Qg5 40. d5 f6 41. Qe2 Ne3 42. d6 Nxd1 43. d7 Qc5+ 44. Kf1 Qxc6 45. dxe8Q+ Qxe8 46. Qxd1 Qb5+ 47. Qe2 Qb3 48. Qa6 Kf7 49. a4 Qd1+ 50. Kf2 Qd2+ 51. Qe2 Qd4+ 52. Kg3 Qxa4 53. h3 Qd4 54. Qb5 h4+ 55. Kh2 Qf4+ 56. Kh1 Qc1+ 57. Kh2 Qc7+ 58. Kg1 Qc1+ 59. Kf2 Qd2+ 60. Kf1 Qd5 61. Qa4 g5 62. Qa7+ Kg6 63. Qe7 Qd1+ 64. Kf2 Qd2+ 65. Kf1 Qc1+ 66. Kf2 1/2-1/2

[Event "Mataro Vinas Memorial 14th"]
[Site "Mataro"]
[Date "2018.04.07"]
[Round "1"]
[White "Rocamora Martinez, Didac"]
[Black "Castillo Martinez, Eloi"]
[Result "1/2-1/2"]
[WhiteElo "1512"]
[BlackElo "2048"]
[PlyCount "64"]
[EventDate "2018.04.07"]
[EventType "swiss"]
[EventRounds "9"]
[EventCountry "ESP"]
[SourceTitle "EXT 2019"]
[Source "ChessBase"]
[SourceDate "2018.10.10"]
[SourceVersion "1"]
[SourceVersionDate "2018.10.10"]
[SourceQuality "1"]

1. e4 e5 2. Nf3 Nc6 3. d4 exd4 4. Nxd4 Nf6 5. Nxc6 bxc6 6. Bd3 d5 7. exd5 cxd5 8. b3 Bd6 9. Bb2 0-0 10. 0-0 Re8 11. Nd2 c6 12. Re1 Be6 13. c4 Ng4 14. g3 Bc5 15. Rf1 Qb6 16. Qf3 Rad8 17. Bf5 Nh6 18. Bxe6 fxe6 19. Rae1 Rf8 20. Qe2 Rf7 21. Nf3 Rdf8 22. Qxe6 Bb4 23. Re2 c5 24. Qxd5 Kh8 25. Re6 Qc7 26. Rxh6 Rxf3 27. Qe4 R3f5 28. g4 Bd2 29. Rh3 Qf4 30. Qxf4 Rxf4 31. Rd3 Rxg4+ 32. Rg3 Rxg3+ 1/2-1/2

[Event "Mataro Vinas Memorial 13th"]
[Site "Mataro"]
[Date "2017.05.27"]
[Round "5"]
[White "Castillo Martinez, Eloi"]
[Black "Fernandez Pena, Pedro Emilio"]
[Result "1/2-1/2"]
[WhiteElo "2013"]
[BlackElo "2134"]
[PlyCount "26"]
[EventDate "2017.04.22"]
[EventType "swiss"]
[EventRounds "8"]
[EventCountry "ESP"]
[SourceTitle "CBM 187 Extra"]
[Source "ChessBase"]
[SourceDate "2018.11.04"]
[SourceVersion "1"]
[SourceVersionDate "2018.11.04"]
[SourceQuality "1"]

1. e4 c5 2. Nf3 e6 3. b3 d6 4. Bb2 Nf6 5. e5 dxe5 6. Nxe5 Nbd7 7. f4 Nxe5 8. fxe5 Nd5 9. Qg4 Bd7 10. Nc3 Qa5 11. Bd3 f5 12. exf6 Nxf6 13. Qe2 0-0-0 1/2-1/2

[Event "Mataro Vinas Memorial 13th"]
[Site "Mataro"]
[Date "2017.05.20"]
[Round "4"]
[White "Castillo Martinez, Eloi"]
[Black "Bimbatti Dorante, Gian Carlos"]
[Result "1-0"]
[WhiteElo "2013"]
[BlackElo "1997"]
[PlyCount "29"]
[EventDate "2017.04.22"]
[EventType "swiss"]
[EventRounds "8"]
[EventCountry "ESP"]
[SourceTitle "CBM 187 Extra"]
[Source "ChessBase"]
[SourceDate "2018.11.04"]
[SourceVersion "1"]
[SourceVersionDate "2018.11.04"]
[SourceQuality "1"]

1. e4 c5 2. Nf3 d6 3. d4 cxd4 4. Nxd4 Nf6 5. Nc3 a6 6. h3 h5 7. Bg5 e5 8. Nb3 Be6 9. Be2 Nbd7 10. Qd2 Rc8 11. f3 Nb6 12. 0-0-0 Nc4 13. Bxc4 Bxc4 14. f4 exf4 15. e5 1-0

[Event "Mataro Vinas Memorial 13th"]
[Site "Mataro"]
[Date "2017.05.13"]
[Round "3"]
[White "Gonzalez Cominelli, Alejo Gabriel"]
[Black "Castillo Martinez, Eloi"]
[Result "1/2-1/2"]
[WhiteElo "1899"]
[BlackElo "2013"]
[PlyCount "25"]
[EventDate "2017.04.22"]
[EventType "swiss"]
[EventRounds "8"]
[EventCountry "ESP"]
[SourceTitle "CBM 187 Extra"]
[Source "ChessBase"]
[SourceDate "2018.11.04"]
[SourceVersion "1"]
[SourceVersionDate "2018.11.04"]
[SourceQuality "1"]

1. d4 Nf6 2. Nf3 e6 3. Bf4 d5 4. e3 Bd6 5. Bg3 b6 6. Nbd2 Bb7 7. Ne5 Ne4 8. Qg4 0-0 9. Nxe4 dxe4 10. h4 Qe7 11. h5 f5 12. Qh4 Qxh4 13. Rxh4 1/2-1/2

[Event "Roncana op-A 10th"]
[Site "Santa Eulalia de Roncana"]
[Date "2016.11.05"]
[Round "6"]
[White "Aleksanyan, Radmila"]
[Black "Castillo Martinez, Eloi"]
[Result "0-1"]
[WhiteElo "1577"]
[BlackElo "1967"]
[PlyCount "98"]
[EventDate "2016.09.24"]
[EventType "swiss"]
[EventRounds "8"]
[EventCountry "ESP"]
[SourceTitle "EXT 2018"]
[Source "ChessBase"]
[SourceDate "2017.10.13"]
[SourceVersion "1"]
[SourceVersionDate "2017.10.13"]
[SourceQuality "1"]

1. e4 e5 2. Nf3 d6 3. d4 exd4 4. Nxd4 Nf6 5. Bg5 Be7 6. Bd3 c5 7. Bb5+ Nfd7 8. Bxe7 Qxe7 9. Nf5 Qxe4+ 10. Qe2 Qxe2+ 11. Kxe2 0-0 12. Nxd6 Ne5 13. Nc3 a6 14. Be8 Be6 15. Nce4 b6 16. f4 Nc4 17. Kf2 Ra7 18. Nxc4 Bxc4 19. Nd6 Be6 20. Rhe1 g6 21. c3 Rc7 22. Ba4 Nc6 23. a3 Ne7 24. h3 Nf5 25. Ne8 Rc8 26. Nf6+ Kg7 27. Ne4 Rfd8 28. g4 Nd6 29. Ng5 Bc4 30. Bc2 h6 31. Nf3 Bd5 32. Rad1 Bc6 33. Re7 Nc4 34. Rxd8 Rxd8 35. Bb3 Bxf3 36. Bxc4 Bd5 37. Bxa6 Be6 38. Ke3 Rd6 39. Rc7 Kf6 40. b4 cxb4 41. axb4 h5 42. g5+ Kg7 43. h4 Kf8 44. c4 Bf5 45. c5 bxc5 46. Rxc5 Rxa6 47. b5 Rb6 48. Kd4 Ke7 49. Rc7+ Bd7 0-1

[Event "Mataro Vinas Memorial 12th"]
[Site "Mataro"]
[Date "2016.04.09"]
[Round "1"]
[White "Llopis Jordan, Lluis"]
[Black "Castillo Martinez, Eloi"]
[Result "1/2-1/2"]
[WhiteElo "1786"]
[BlackElo "1987"]
[PlyCount "40"]
[EventDate "2016.04.09"]
[EventType "swiss"]
[EventRounds "9"]
[EventCountry "ESP"]
[SourceTitle "EXT 2017"]
[Source "ChessBase"]
[SourceDate "2016.10.25"]
[SourceVersion "1"]
[SourceVersionDate "2016.10.25"]
[SourceQuality "1"]

1. d4 Nf6 2. c4 e5 3. dxe5 Ng4 4. Nf3 Bc5 5. e3 Nc6 6. Nc3 Ngxe5 7. Be2 0-0 8. Bd2 Nxf3+ 9. Bxf3 Ne5 10. Be2 Re8 11. Ne4 Bf8 12. Ng3 a5 13. 0-0 d6 14. Bc3 Qh4 15. Qd4 Qh6 16. Rad1 Be6 17. b3 b6 18. Qe4 Nd7 19. Qc2 Ne5 20. Qe4 Bd7 1/2-1/2

[Event "Roncana op-A 9th"]
[Site "Santa Eulalia de Roncana"]
[Date "2015.11.07"]
[Round "5"]
[White "Prats Safont, Sergi"]
[Black "Castillo Martinez, Eloi"]
[Result "0-1"]
[WhiteElo "1951"]
[BlackElo "2166"]
[PlyCount "48"]
[EventDate "2015.10.03"]
[EventType "swiss"]
[EventRounds "8"]
[EventCountry "ESP"]
[SourceTitle "EXT 2017"]
[Source "ChessBase"]
[SourceDate "2016.10.25"]
[SourceVersion "1"]
[SourceVersionDate "2016.10.25"]
[SourceQuality "1"]

1. c4 e5 2. e3 Nf6 3. Nc3 d5 4. cxd5 Nxd5 5. Nf3 Nxc3 6. dxc3 Qxd1+ 7. Kxd1 f6 8. h3 Nc6 9. Bb5 Bd7 10. Ke2 e4 11. Nd2 Nd4+ 12. exd4 Bxb5+ 13. c4 Ba6 14. b3 f5 15. Bb2 0-0-0 16. Rhe1 Be7 17. Rad1 Bf6 18. Nf1 c5 19. Ke3 cxd4+ 20. Kd2 Rhe8 21. f4 e3+ 22. Kd3 e2 23. Rxe2 Rxe2 24. Kxe2 d3+ 0-1

[Event "Llinars del Valles op-A 9th"]
[Site "Llinars del Valles"]
[Date "2015.06.13"]
[Round "9"]
[White "Serra Canals, Oriol"]
[Black "Castillo Martinez, Eloi"]
[Result "1-0"]
[WhiteElo "2090"]
[BlackElo "1964"]
[PlyCount "85"]
[EventDate "2015.04.11"]
[EventType "swiss"]
[EventRounds "9"]
[EventCountry "ESP"]
[SourceTitle "EXT 2018"]
[Source "ChessBase"]
[SourceDate "2017.10.13"]
[SourceVersion "1"]
[SourceVersionDate "2017.10.13"]
[SourceQuality "1"]

1. d4 Nf6 2. c4 e6 3. Nf3 b6 4. a3 Ba6 5. Qc2 Bb7 6. Nc3 c5 7. e4 cxd4 8. Nxd4 Bc5 9. Nb3 Nc6 10. Nxc5 bxc5 11. Be3 d6 12. Rd1 Qe7 13. Be2 0-0 14. 0-0 Rfd8 15. Kh1 Rac8 16. f4 Na5 17. Qa4 Nc6 18. b4 Nd7 19. b5 Nb6 20. Qc2 Na5 21. Na4 Bxe4 22. Qxe4 Nxa4 23. Bd2 Nb3 24. Bd3 f5 25. Qe1 Nd4 26. Be3 Qf6 27. Bxd4 cxd4 28. Qa5 Nb2 29. Rd2 Nxd3 30. Rxd3 Rd7 31. Qa4 e5 32. b6 Qf7 33. fxe5 dxe5 34. Qb5 e4 35. Rdd1 f4 36. bxa7 e3 37. c5 Rxa7 38. Rxd4 Rxa3 39. Rdxf4 Qe7 40. Qc4+ Kh8 41. Rf7 e2 42. Qxe2 Qxc5 43. Qc2 1-0

[Event "Llinars del Valles op-A 9th"]
[Site "Llinars del Valles"]
[Date "2015.05.02"]
[Round "4"]
[White "Castillo Martinez, Eloi"]
[Black "Marches Rios, Joan Manuel"]
[Result "1/2-1/2"]
[WhiteElo "1964"]
[BlackElo "2123"]
[PlyCount "53"]
[EventDate "2015.04.11"]
[EventType "swiss"]
[EventRounds "9"]
[EventCountry "ESP"]
[SourceTitle "EXT 2016"]
[Source "ChessBase"]
[SourceDate "2015.10.08"]
[SourceVersion "1"]
[SourceVersionDate "2015.10.08"]
[SourceQuality "1"]

1. e4 c6 2. Nc3 d5 3. Nf3 Bg4 4. d4 e6 5. h3 Bh5 6. Bd3 Nd7 7. Bf4 dxe4 8. Nxe4 Ndf6 9. c3 Nxe4 10. Bxe4 Nf6 11. Bd3 Bd6 12. Be5 Qc7 13. g4 Bg6 14. g5 Bxe5 15. Nxe5 Nd5 16. Qf3 Bxd3 17. Nxd3 Ne7 18. h4 Nf5 19. 0-0-0 h5 20. g6 0-0-0 21. gxf7 Qxf7 22. Ne5 Qc7 23. Kb1 Rh6 24. Qg2 Qe7 25. Qh3 Qf6 26. Rde1 Rf8 27. f3 1/2-1/2

[Event "Llinars del Valles op-A 9th"]
[Site "Llinars del Valles"]
[Date "2015.04.11"]
[Round "1"]
[White "Castillo Martinez, Eloi"]
[Black "Las Heras Aixandri, Guillem"]
[Result "1-0"]
[WhiteElo "1964"]
[BlackElo "1614"]
[PlyCount "73"]
[EventDate "2015.04.11"]
[EventType "swiss"]
[EventRounds "9"]
[EventCountry "ESP"]
[SourceTitle "EXT 2016"]
[Source "ChessBase"]
[SourceDate "2015.10.08"]
[SourceVersion "1"]
[SourceVersionDate "2015.10.08"]
[SourceQuality "1"]

1. e4 e6 2. d4 d5 3. Nc3 Nf6 4. Bg5 Be7 5. e5 Nfd7 6. h4 h6 7. Bxe7 Qxe7 8. Nf3 a6 9. Qd2 c5 10. 0-0-0 Nc6 11. Qf4 cxd4 12. Nxd4 Ndxe5 13. Re1 Ng6 14. Qd2 Qc5 15. Nb3 Qd6 16. Nxd5 Qd8 17. Nc3 0-0 18. Bd3 Nxh4 19. Qe2 Nxg2 20. Reg1 Nf4 21. Qe3 Qf6 22. Ne4 Qe5 23. Nbd2 Ne7 24. Nf3 Nxd3+ 25. cxd3 Qc7+ 26. Kb1 Nf5 27. Nf6+ Kh8 28. Qe4 Qd8 29. Ng4 Qd5 30. Qf4 Qxd3+ 31. Ka1 b5 32. Nfe5 Qc2 33. Nxh6 gxh6 34. Rxh6+ Nxh6 35. Qxh6+ Qh7 36. Qxf8+ Qg8 37. Qxg8# 1-0

[Event "Llinars del Valles op-A 8th"]
[Site "Llinars del Valles"]
[Date "2014.06.14"]
[Round "7"]
[White "Castillo Martinez, Eloi"]
[Black "Pozanco Romasanta, Marc"]
[Result "1/2-1/2"]
[WhiteElo "1950"]
[BlackElo "2101"]
[PlyCount "55"]
[EventDate "2014.04.26"]
[EventType "swiss"]
[EventRounds "8"]
[EventCountry "ESP"]
[SourceTitle "EXT 2015"]
[Source "ChessBase"]
[SourceDate "2014.11.20"]
[SourceVersion "1"]
[SourceVersionDate "2014.11.20"]
[SourceQuality "1"]

1. e4 c5 2. Nf3 d6 3. d4 cxd4 4. Nxd4 Nf6 5. Nc3 a6 6. Be2 e5 7. Nb3 Be6 8. 0-0 Be7 9. Be3 d5 10. exd5 Nxd5 11. Nxd5 Bxd5 12. f4 e4 13. c4 Bc6 14. f5 Nd7 15. Qc2 0-0 16. Rad1 Qe8 17. Na5 Nf6 18. g4 g5 19. Bxg5 Nxg4 20. Bxe7 Qxe7 21. Nxc6 Qc5+ 22. Nd4 Ne3 23. Qd2 Nxf1 24. Qg5+ Kh8 25. Qf6+ Kg8 26. Qg5+ Kh8 27. Qf6+ Kg8 28. Qg5+ 1/2-1/2

[Event "Llinars del Valles op-A 8th"]
[Site "Llinars del Valles"]
[Date "2014.05.17"]
[Round "4"]
[White "Castillo Martinez, Eloi"]
[Black "Herms Agullo, Jordi"]
[Result "1/2-1/2"]
[WhiteElo "1950"]
[BlackElo "2109"]
[PlyCount "20"]
[EventDate "2014.04.26"]
[EventType "swiss"]
[EventRounds "8"]
[EventCountry "ESP"]
[SourceTitle "EXT 2015"]
[Source "ChessBase"]
[SourceDate "2014.11.20"]
[SourceVersion "1"]
[SourceVersionDate "2014.11.20"]
[SourceQuality "1"]

1. d4 Nf6 2. Bg5 e6 3. e4 h6 4. Bxf6 Qxf6 5. c3 d5 6. Nd2 dxe4 7. Nxe4 Qd8 8. Nf3 Nd7 9. Bd3 Be7 10. 0-0 b6 1/2-1/2

[Event "Llinars del Valles op-A 8th"]
[Site "Llinars del Valles"]
[Date "2014.04.26"]
[Round "1"]
[White "Castillo Martinez, Eloi"]
[Black "Martinez Perez, Pablo"]
[Result "1-0"]
[WhiteElo "1950"]
[BlackElo "1736"]
[PlyCount "105"]
[EventDate "2014.04.26"]
[EventType "swiss"]
[EventRounds "8"]
[EventCountry "ESP"]
[SourceTitle "EXT 2015"]
[Source "ChessBase"]
[SourceDate "2014.11.20"]
[SourceVersion "1"]
[SourceVersionDate "2014.11.20"]
[SourceQuality "1"]

1. c4 e5 2. g3 Nc6 3. Bg2 g6 4. Nc3 Bg7 5. e3 f5 6. d3 Nf6 7. e4 d6 8. Nf3 0-0 9. 0-0 h6 10. Nh4 Kh7 11. exf5 g5 12. Nf3 Bxf5 13. a3 Qd7 14. Be3 Bh3 15. Ne4 Nxe4 16. dxe4 Bg4 17. h3 Bxh3 18. Nxg5+ hxg5 19. Qh5+ Kg8 20. Bxh3 Qf7 21. Qxg5 Nd4 22. Bxd4 exd4 23. Bf5 Qf6 24. Qh5 Qh6 25. Qg4 Kf7 26. Kg2 Rh8 27. Rh1 Qf6 28. Rad1 Rxh1 29. Rxh1 Rh8 30. Rxh8 Bxh8 31. Qh5+ Ke7 32. Qh7+ Bg7 33. Qg6 d3 34. Qxf6+ Bxf6 35. b3 Bb2 36. a4 d2 37. Bg4 Kf6 38. f4 a5 39. Bd1 Bd4 40. Kf3 Bg1 41. g4 Bd4 42. g5+ Kg6 43. Kg4 Be3 44. f5+ Kf7 45. Bc2 b6 46. Kh5 Kg7 47. Bd1 Bf4 48. f6+ Kf7 49. Kh6 Kg8 50. Kg6 Be5 51. Kf5 Bd4 52. g6 Kf8 53. Ke6 1-0

[Event "Roncana op-A 7th"]
[Site "Santa Eulalia de Roncana"]
[Date "2013.11.23"]
[Round "7"]
[White "Mateo Hernandez, Francesco"]
[Black "Castillo Martinez, Eloi"]
[Result "0-1"]
[WhiteElo "1598"]
[BlackElo "1949"]
[PlyCount "73"]
[EventDate "2013.10.05"]
[EventType "swiss"]
[EventRounds "8"]
[EventCountry "ESP"]
[SourceTitle "CBM 157 Extra"]
[Source "ChessBase"]
[SourceDate "2013.12.19"]
[SourceVersion "1"]
[SourceVersionDate "2013.12.19"]
[SourceQuality "1"]

1. c4 Nf6 2. d4 e5 3. dxe5 Ne4 4. Nf3 Nc6 5. Qc2 d5 6. exd6 Bf5 7. dxc7 Qxc7 8. Qb3 0-0-0 9. e3 Nc5 10. Qc3 Nb4 11. Na3 Nbd3+ 12. Bxd3 Nxd3+ 13. Ke2 Bb4 14. Qb3 Rhe8 15. Kf1 Bxa3 16. bxa3 Nc5 17. Qb5 a6 18. Qb4 Rd1+ 19. Ne1 Nd3 20. Bd2 Rxa1 21. Qc3 Qe5 22. Qxe5 Nxe5 23. Bc3 Rb1 24. Ke2 Nxc4 25. Bxg7 Nxa3 26. Rf1 Nc2 27. Nxc2 Bxc2 28. Rxb1 Bxb1 29. a3 Rg8 30. Be5 Rxg2 31. Bg3 Rg1 32. Kf3 Kd7 33. e4 Rd1 34. Kf4 Rd3 35. Kf5 Rxa3 36. Kf6 Bxe4 37. Kxf7 0-1

[Event "Roncana op-A 7th"]
[Site "Santa Eulalia de Roncana"]
[Date "2013.11.09"]
[Round "5"]
[White "Pulido Leon, Manuel"]
[Black "Castillo Martinez, Eloi"]
[Result "1-0"]
[WhiteElo "1795"]
[BlackElo "1949"]
[PlyCount "97"]
[EventDate "2013.10.05"]
[EventType "swiss"]
[EventRounds "8"]
[EventCountry "ESP"]
[SourceTitle "CBM 157 Extra"]
[Source "ChessBase"]
[SourceDate "2013.12.19"]
[SourceVersion "1"]
[SourceVersionDate "2013.12.19"]
[SourceQuality "1"]

1. g3 Nf6 2. Bg2 e5 3. d3 d5 4. Nf3 Nc6 5. Nbd2 Bc5 6. 0-0 0-0 7. Nb3 Bd6 8. Nfd2 a5 9. a4 Nb4 10. c3 Nc6 11. Nb1 Re8 12. Na3 Bg4 13. Nb5 Bf8 14. Re1 h6 15. Be3 Ne7 16. d4 e4 17. Bf4 Rc8 18. Nxa5 b6 19. Nb3 Ng6 20. Bc1 c6 21. Na3 c5 22. dxc5 bxc5 23. Nc2 Be6 24. Nd2 Ra8 25. b4 cxb4 26. cxb4 Bd7 27. b5 Qb6 28. Bb2 Bc5 29. e3 Bg4 30. Qb1 Nd7 31. Bd4 Nge5 32. Qa2 Bxd4 33. Nxd4 Nd3 34. Rf1 Nb4 35. Qa3 Nd3 36. a5 Qf6 37. Qb3 Qd6 38. h3 Bh5 39. b6 N7c5 40. Qb5 Reb8 41. g4 Bg6 42. Nc6 Rc8 43. Nb4 Rcb8 44. Nxd3 exd3 45. Rfc1 Ne4 46. Bxe4 Bxe4 47. b7 Ra7 48. Rc8+ Kh7 49. Nxe4 1-0

[Event "Roncana op-A 7th"]
[Site "Santa Eulalia de Roncana"]
[Date "2013.10.05"]
[Round "1"]
[White "Castillo Martinez, Eloi"]
[Black "Martinez Perez, Pablo"]
[Result "1/2-1/2"]
[WhiteElo "1949"]
[BlackElo "1667"]
[PlyCount "54"]
[EventDate "2013.10.05"]
[EventType "swiss"]
[EventRounds "8"]
[EventCountry "ESP"]
[SourceTitle "CBM 157 Extra"]
[Source "ChessBase"]
[SourceDate "2013.12.19"]
[SourceVersion "1"]
[SourceVersionDate "2013.12.19"]
[SourceQuality "1"]

1. e4 e5 2. Nf3 Nc6 3. Bc4 Be7 4. d4 d6 5. dxe5 dxe5 6. Qxd8+ Bxd8 7. Nc3 Nf6 8. Be3 0-0 9. Bc5 Re8 10. Ng5 Be6 11. Nxe6 fxe6 12. Bb5 Nd7 13. Bxc6 bxc6 14. Ba3 Nb6 15. b3 Bg5 16. 0-0 Rad8 17. Rad1 Kf7 18. Ne2 Nc8 19. Bb2 Bf6 20. Nc1 Nd6 21. f4 Nxe4 22. Rxd8 Bxd8 23. Bxe5 Bf6 24. Nd3 Nd6 25. Nb4 c5 26. Na6 Nf5 27. Re1 Rd8 1/2-1/2

[Event "Maresme op 9th"]
[Site "Maresme"]
[Date "2012.10.27"]
[Round "5"]
[White "Gomez Girones, Fermin"]
[Black "Castillo Martinez, Eloi"]
[Result "0-1"]
[WhiteElo "1794"]
[BlackElo "2039"]
[PlyCount "80"]
[EventDate "2012.09.29"]
[EventType "swiss"]
[EventRounds "9"]
[EventCountry "ESP"]
[SourceTitle "EXT 2014"]
[Source "ChessBase"]
[SourceDate "2013.11.20"]
[SourceVersion "1"]
[SourceVersionDate "2013.11.20"]
[SourceQuality "1"]

1. d4 g6 2. Nf3 Bg7 3. e3 d6 4. Be2 Nd7 5. Nbd2 e5 6. c3 Qe7 7. e4 Ngf6 8. Bd3 d5 9. 0-0 dxe4 10. Nxe4 Nxe4 11. Bxe4 f5 12. Bc2 e4 13. Re1 0-0 14. Bg5 Qd6 15. Nd2 b5 16. g3 Bb7 17. Be3 Qc6 18. d5 Qd6 19. Bb3 Kh8 20. Bf4 Be5 21. Bxe5+ Nxe5 22. Re3 Bxd5 23. Qf1 Bc6 24. Rd1 Qc5 25. c4 Rad8 26. Rc3 b4 27. Rcc1 Nd3 28. Rb1 e3 29. Nf3 Bxf3 30. Rxd3 e2 31. Rxf3 exf1Q+ 32. Rxf1 Rd2 33. Re1 Rxb2 34. Rfe3 a5 35. Rd1 f4 36. Rd5 Qxd5 37. cxd5 fxe3 38. fxe3 Rff2 39. d6 Rfd2 40. Bc2 Rbxc2 0-1

[Event "Maresme op 9th"]
[Site "Maresme"]
[Date "2012.10.06"]
[Round "2"]
[White "Bertran Cequiel, Jordi"]
[Black "Castillo Martinez, Eloi"]
[Result "0-1"]
[WhiteElo "1878"]
[BlackElo "2039"]
[PlyCount "60"]
[EventDate "2012.09.29"]
[EventType "swiss"]
[EventRounds "9"]
[EventCountry "ESP"]
[SourceTitle "EXT 2014"]
[Source "ChessBase"]
[SourceDate "2013.11.20"]
[SourceVersion "1"]
[SourceVersionDate "2013.11.20"]
[SourceQuality "1"]

1. d4 Nf6 2. c4 e5 3. dxe5 Ne4 4. a3 d6 5. Bf4 g5 6. Bg3 Nxg3 7. hxg3 Nc6 8. exd6 Bxd6 9. e3 Qf6 10. Nc3 Bf5 11. Bd3 Bxd3 12. Qxd3 Ne5 13. Qe2 0-0-0 14. Nf3 Qg6 15. Nxe5 Bxe5 16. Nd5 Kb8 17. Rc1 f5 18. Qc2 Qf7 19. Qb3 Rhe8 20. 0-0 h5 21. Rcd1 h4 22. f4 hxg3 23. fxe5 Qh7 24. Rfe1 Qh2+ 25. Kf1 Qh1+ 26. Ke2 Qxg2+ 27. Kd3 c6 28. Rg1 Qe4+ 29. Ke2 Qg4+ 30. Kf1 Qf3+ 0-1